00482nam a2200193Ia 4500003000900000008004100009040001300050040001300063041000800076100001900084245011800103250000900221260001100230260000900241300001100250300001000261490000600271600001100277IT-RoPAU120407s9999 xx 000 0 und d aIT-RoPAU cIT-RoPAU afra aPaul Evdokimov aLa connaissance de Dieu selon la tradition orientale. L’inseignement patristiques liturgique et iconographique. aLyon aMappus c1967 a158 p. c21 cm v1 a1. Dio